000 00351nam a2200133Ia 4500
008 240624s9999 xx 000 0 und d
041 _aeng
082 _a823 COE
100 _aCOELHO PAULO
245 _aLIKE THE FLOWING RIVER THOUGHTS AND REFL
260 _c2011
_aNew Delhi
_bHarperCollins
300 _axiv, : 232 : p. : cm. ; 20
365 _cRS
_b25
999 _c18602
_d18602